000 00554nam a2200145Ia 4500
005 20241009032529.0
008 240331s9999 xx 000 0 und d
082 _bPER
_a820
100 _aPerera, I
245 0 _aFate of the old devil dancer and other stories
260 _aKelaniya
_bSiriniketha Gardens
_c1995
300 _a53 p .,
500 _aMost of the stories written here are based on the true incidents recorded at the Coroners Courts in Sri Lanka. The Characters in these stories bear no relationship to any person living or Dead.
942 _cL
999 _c3174
_d3174